header

The early simple stories (Record no. 4747)

MARC details
000 -LEADER
fixed length control field 01298nam a2200337 a 4500
082 04 - DEWEY DECIMAL CLASSIFICATION NUMBER
Classification number 818.5209
100 1# - MAIN ENTRY--AUTHOR NAME
Personal name Hughes, Langston,
245 14 - TITLE STATEMENT
Title The early simple stories
260 ## - PUBLICATION, DISTRIBUTION, ETC. (IMPRINT)
Place of publication Columbia ;
-- London :
Name of publisher University of Missouri Press,
Year of publication c2002.
300 ## - PHYSICAL DESCRIPTION
Number of Pages xvi, 382 p.
490 0# - SERIES STATEMENT
Series statement The collected works of Langston Hughes ;
500 ## - GENERAL NOTE
General note Includes index.
650 #0 - SUBJECT ADDED ENTRY--TOPICAL TERM
Topical Term African Americans
700 1# - ADDED ENTRY--PERSONAL NAME
Personal name Harper, Donna Sullivan.
856 40 - ELECTRONIC LOCATION AND ACCESS
Uniform Resource Identifier http://site.ebrary.com/lib/rucke/Doc?id=10001747

No items available.

© 2026 Rongo University
Contact us: librarian | system librarian | Rongo university